MARC details
| 000 -LEADER |
| fixed length control field |
00849nam a2200217Ia 4500 |
| 003 - CONTROL NUMBER IDENTIFIER |
| control field |
IN-BaIIA |
| 008 - FIXED-LENGTH DATA ELEMENTS--GENERAL INFORMATION |
| fixed length control field |
211028s9999 xx 000 0 eng d |
| 020 ## - INTERNATIONAL STANDARD BOOK NUMBER |
| International Standard Book Number |
0-12-014652-5 |
| 040 ## - CATALOGING SOURCE |
| Transcribing agency |
IIA Library |
| 080 ## - UNIVERSAL DECIMAL CLASSIFICATION NUMBER |
| Universal Decimal Classification number |
047.1:621.38 |
| Item number |
AEE-52 |
| 100 ## - MAIN ENTRY--PERSONAL NAME |
| Personal name |
Morgan, B. L. |
| 9 (RLIN) |
14651 |
| 111 ## - MAIN ENTRY--MEETING NAME |
| Meeting name or jurisdiction name as entry element |
Symposium on Photo-Electronic Image Devices |
| Number of part/section/meeting |
7th |
| Location of meeting |
Blackett laboratory,Imperial college,London, |
| Date of meeting or treaty signing |
1978 Sep. 4-8 |
| 9 (RLIN) |
14652 |
| 245 #0 - TITLE STATEMENT |
| Title |
Photo-electronic image devices |
| Remainder of title |
proceedings of the seventh Symposium on photo-electronic image devices, held at the Blackett Laboratory, Imperial College, London, Sept.ember 4-8, 1978 |
| Statement of responsibility, etc. |
B. L. Morgan And D. Mcmullan |
| 260 ## - PUBLICATION, DISTRIBUTION, ETC. |
| Place of publication, distribution, etc. |
New York |
| Name of publisher, distributor, etc. |
Academic Press |
| Date of publication, distribution, etc. |
1979 |
| 300 ## - PHYSICAL DESCRIPTION |
| Extent |
xv, 532p. |
| 650 ## - SUBJECT ADDED ENTRY--TOPICAL TERM |
| Topical term or geographic name entry element |
Electronics |
| 9 (RLIN) |
1576 |
| 650 ## - SUBJECT ADDED ENTRY--TOPICAL TERM |
| Topical term or geographic name entry element |
Electrophysics |
| 650 ## - SUBJECT ADDED ENTRY--TOPICAL TERM |
| Topical term or geographic name entry element |
NASA Thesaurus |
| 700 ## - ADDED ENTRY--PERSONAL NAME |
| Personal name |
Mcmullan, D. |
| 9 (RLIN) |
14653 |
| 942 ## - ADDED ENTRY ELEMENTS (KOHA) |
| Koha item type |
Books |